| 000 | 00488nam a2200157 i 4500 | ||
|---|---|---|---|
| 001 | 99804 | ||
| 003 | ES-MaACL | ||
| 005 | 20230906182546.0 | ||
| 007 | t| | ||
| 008 | 050915s1953 sp ||||1| spa d | ||
| 100 | 1 |
_aMartínez Morellá, Vicente. _978260 |
|
| 245 | 1 | 0 |
_aCartas del rey Don Juan I de Aragón a Alicante / _cVicente Martínez Morellá. |
| 260 |
_aAlicante : _b[s.n.], _c1953 ( _fArtes gráf. Alicante) |
||
| 300 |
_a55 p. ; _c21 cm. |
||
| 852 |
_aES-MaACL _j1948-F-11 _bR.34718 |
||
| 999 |
_c99804 _d99804 |
||